LEADER 01100nam a22002651i 4500 001 991003594889707536 005 20030910085517.0 008 031111s1977 gw a||||||||||||||||ger 020 $a348706202X 035 $ab1244795x-39ule_inst 035 $aARCHE-048124$9ExL 040 $aDip.to Lingue$bita$cA.t.i. Arché s.c.r.l. Pandora Sicilia s.r.l. 082 04$a831 100 1 $aPeters, Elizabeth$0207623 245 10$aQuellen und Charakter der Paradiesvorstellungen in der deutschen Dichtung vom 9. bis 12. Jahrhundert /$cElisabeth Peters 260 $aHildesheim [etc.] :$bOlms,$c1977 300 $aXVI, 153 p. :$bill. ;$c19 cm 440 0$aGermanistische Abhandlungen ;$v48 650 4$aPoesia tedesca 907 $a.b1244795x$b02-04-14$c13-11-03 912 $a991003594889707536 945 $aLE012 F.G. 583$g1$i2012000061590$lle012$o-$pE0.00$q-$rl$s- $t0$u0$v0$w0$x0$y.i12874929$z13-11-03 996 $aQuellen und Charakter der Paradiesvorstellungen in der deutschen Dichtung vom 9. bis 12. Jahrhundert$9180028 997 $aUNISALENTO 998 $ale012$b13-11-03$cm$da $e-$fger$ggw $h0$i1